| 000 | 01449nac a22003011u 4500 | ||
|---|---|---|---|
| 010 | _a 97045976 | ||
| 020 | _a0521631807 (hb) | ||
| 082 | 0 | 0 |
_a338.7 _bWEI |
| 090 |
_c6980 _d6980 |
||
| 100 | _aWeisbrod, Burton A. | ||
| 245 | 0 | 0 |
_aTo profit or not to profit : _bthe commercial transformation of the nonprofit sector / _cedited by Burton A. Weisbrod. |
| 260 |
_aCambridge ; _aNew York, NY : _bCambridge University Press,c.1998. _cc.1998. |
||
| 300 |
_axii, 340 p. : _bill. ; _c24 cm. |
||
| 500 | _aA collection of papers initiated, discussed, and refined at two working conferences held by the contributors. | ||
| 500 | _aDistributer: Al-Ahram. | ||
| 504 | _aIncludes bibliographical references (p. 317-335) and index. | ||
| 511 | _aCatalogued By: Mahitab. | ||
| 650 | 0 |
_aNonprofit organizations _zUnited States _xFinance _xCongresses. |
|
| 650 | 0 |
_aAssociations, institutions, etc. _zUnited States _xFinance _xCongresses. |
|
| 650 | 0 |
_aPublic institutions _zUnited States _xFinance _xCongresses. |
|
| 650 | 0 |
_aFund raising _zUnited States _xCongresses. |
|
| 650 | 0 |
_aVoluntarism _zUnited States _xCongresses. |
|
| 650 | 0 |
_aProfit _zUnited States _xCongresses. |
|
| 700 | 1 |
_aWeisbrod, Burton Allen, _d1931- |
|
| 856 | 4 | 2 |
_3Publisher description _uhttp://www.loc.gov/catdir/description/cam028/97045976.html |
| 856 | 4 | 2 |
_3Table of contents _uhttp://lcweb.loc.gov/catdir/toc/97-45976.html |
| 942 |
_cBB _k338.7WEI |
||
| 999 |
_c6980 _d6980 |
||